|
|
|
|
| LEADER |
00000nbm0a2200000 4500 |
| 001 |
196875 |
| 005 |
20231031183259.0 |
| 035 |
|
|
|a (RuTPU)RU\TPU\book\214754
|
| 035 |
|
|
|a RU\TPU\book\201467
|
| 090 |
|
|
|a 196875
|
| 100 |
|
|
|a 20110531d1966 k y0rusy50 ca
|
| 101 |
0 |
|
|a rus
|
| 102 |
|
|
|a RU
|
| 105 |
|
|
|a a p 000zy
|
| 200 |
1 |
|
|a Разработка и изготовление стенда для испытания радиационной стойкости стекол, ситаллов и керамических металлов
|e Эскизный проект
|e Тема: № 89/65
|f Томский политехнический институт (ТПИ) ; руководитель Б. Кононов ; В. Евстигнеев
|
| 210 |
|
|
|a Томск
|d 1966
|
| 215 |
|
|
|a 193 л.
|
| 610 |
1 |
|
|a отчеты о НИР
|
| 610 |
1 |
|
|a электромагниты
|
| 610 |
1 |
|
|a бетатроны
|
| 610 |
1 |
|
|a излучение
|
| 610 |
1 |
|
|a электронные пучки
|
| 610 |
1 |
|
|a фокусировка
|
| 610 |
1 |
|
|a корректировки
|
| 610 |
1 |
|
|a бетатронные установки
|
| 610 |
1 |
|
|a ультрафиолетовые излучения
|
| 610 |
1 |
|
|a источники излучений
|
| 675 |
|
|
|a 539.16.07
|v 3
|
| 675 |
|
|
|a 620.15
|v 3
|
| 702 |
|
1 |
|a Кононов
|b Б.
|4 673
|
| 702 |
|
1 |
|a Евстигнеев
|b В.
|4 677
|
| 712 |
0 |
2 |
|a Томский политехнический институт (ТПИ)
|c (1944-1991)
|2 stltpush
|3 (RuTPU)RU\TPU\col\1123
|4 595
|
| 801 |
|
1 |
|a RU
|b 63413507
|c 20101013
|
| 801 |
|
2 |
|a RU
|b 63413507
|c 20110531
|g RCR
|
| 942 |
|
|
|c BK
|